00498nam a2200145Ia 4500008004100000020001800041041000800059082001800067100001800085245017700103250000600280260004400286300001300330650000900343210716s2007 xx 000 0 und d a9788120332300 aeng a621.3692 JHAA aJha, Asu Ram. aFiber optic technology: applications to commercial industrial military and space optical systems.bApplications to commercial industrial military and space optical systems. a1 aNew DelhibPrentice Hall of Indiac2007 axiii,262 aNone